[Event "USA-ch Women 2020"]
[Site "Saint Louis"]
[Date "2020.10.23"]
[Round "9.5"]
[White "Krush, Irina"]
[Black "Abrahamyan, Tatev"]
[Result "1-0"]
[WhiteElo "2429"]
[BlackElo "2358"]
[Annotator "TA"]
[PlyCount "55"]
[EventDate "2020.10.21"]
[EventType "tourn"]
[EventCountry "USA"]
[SourceTitle "playchess.com"]
[Source "ChessBase"]
[SourceQuality "1"]

{[%evp 17,55,8,18,10,6,14,65,63,75,72,76,80,93,79,81,84,134,79,66,77,58,70,352,325,518,540,509,398,377,345,29981,29982,29982,29967,29976,1029,5281,435,5489,2127]} 1. d4 Nf6 2. c4 e6 3. Nc3 Bb4 4. Qc2 d5 5. cxd5 exd5 6. Bf4 c5 7. dxc5 O-O 8. e3 Nc6 9. Nf3 Bxc5 10. Be2 {D37: Queen's Gambit Declined: 5 Bf4.} d4 {White must now prevent ...Nb4.} 11. Rd1 {[#] seems to push 11.exd4 aside.} Nd5 $146 (11... Qb6 $11 12. exd4 Nxd4 13. Nxd4 Bxd4) ({Predecessor:} 11... Qb6 12. exd4 Nxd4 13. Nxd4 Bxd4 14. O-O Bd7 15. Qd2 Bxc3 16. Qxc3 Rac8 17. Qa3 a5 {½-½ (46) Vachier Lagrave,M (2778)-Ding,L (2791) chess24.com INT 2020}) 12. Ng5 $14 {[%csl Gg5][%cal Rc2h7] White is slightly better.} g6 13. Nxd5 {[%mdl 64] Discovered Attack} Qxd5 14. O-O Be7 15. Bc4 Qa5 16. h4 dxe3 17. Bxe3 (17. Nxf7 $142 Bf5 18. Qb3) 17... Ne5 18. Bb3 {Hoping for Rd5.} Bf5 19. Qe2 {aiming for Rd5.} h6 $2 {[%mdl 8192] Now Black is done in.} ({Black should play} 19... Ng4 $14) 20. Rd5 $18 Qc7 (20... Qxd5 {is a better defense.} 21. Bxd5 hxg5) 21. Rc1 Nc6 22. Rxf5 hxg5 23. hxg5 gxf5 $2 (23... Rad8 $18 24. Rf3 Qe5) 24. Qh5 Qe5 25. g6 {[%csl Gg6][%cal Rh5h7]} Qg7 {[#]} 26. Bh6 (26. Rxc6 $142 $1 {[%mdl 512]} bxc6 27. Bd4 $1 {[%mdl 512]} Bf6 28. Bxf6 Rfd8 29. Bxg7 Kxg7 30. Qh7+ Kf6 31. Qxf7+ Kg5 32. Qe7+ Kg4 33. g7) 26... Qf6 27. Bd2 (27. Rxc6 $142 bxc6 28. Bd2) 27... Qg7 {[#]} (27... Qh4 $142 28. Bxf7+ (28. gxf7+ Kg7 $16) 28... Rxf7 29. gxf7+ Kg7 30. Bh6+ (30. Qxf5 Rh8 $17) 30... Kh8 31. Qxh4 Bxh4 32. f8=Q+ Rxf8) 28. Bc3 {Av CentiPawn Loss W=-168/B=-196. Weighted=-146/-120} (28. Rxc6 $142 $1 {[%mdl 512]} bxc6 29. Bc3) 1-0

[Event "USA-ch Women 2020"]
[Site "Saint Louis"]
[Date "2020.10.23"]
[Round "9.6"]
[White "Wang, Annie"]
[Black "Derakhshani, Dorsa"]
[Result "0-1"]
[WhiteElo "2384"]
[BlackElo "2270"]
[Annotator "TA"]
[PlyCount "64"]
[EventDate "2020.10.21"]
[EventType "tourn"]
[EventCountry "USA"]
[SourceTitle "playchess.com"]
[Source "ChessBase"]
[SourceQuality "1"]

{[%evp 15,64,0,19,-19,0,-8,22,-76,-64,-54,-60,-206,-224,-264,-254,-234,-226,-343,-344,-336,-309,-334,-332,-345,-350,-431,-361,-500,-512,-502,-502,-493,-504,-488,0,-335,0,-466,-475,-964,-928,-29981,-29982,-29993,-29994,-29994,-29995,-29995,-29996,-29996,-29997]} 1. d4 Nf6 2. c4 e6 3. Nf3 b6 4. Bf4 Bb7 5. e3 Bb4+ 6. Nfd2 O-O 7. a3 Be7 8. Nc3 d5 9. Bd3 {E12: Queen's Indian: Unusual White 4th moves, 4 a3, 4 Nc3 Bb7 5 a3 and 4 Nc3 Bb7 .} c5 10. dxc5 {[#]} Bxc5 $146 {White should prevent ...d4.} ({Predecessor:} 10... d4 11. exd4 Qxd4 12. Nde4 bxc5 13. Be3 Qe5 14. Qf3 Nxe4 15. Bxe4 Bxe4 16. Qxe4 Qxe4 17. Nxe4 {1-0 (48) Karthikeyan,P (2415)-Schebler,G (2391) Pattaya 2019}) 11. Nb5 (11. cxd5 $11 {remains equal.} Nxd5 12. Nxd5 (12. Qh5 g6 $17) 12... Bxd5 13. O-O) 11... a6 $17 12. Nd4 $1 Nbd7 {[%cal Bb8d7,Bd7c5,Bc5d3][%mdl 32]} 13. b4 {[#]} ({White should play} 13. N4f3 $15) 13... e5 $1 $19 (13... Bxd4 14. exd4 dxc4 15. Nxc4 $15) 14. Bg5 exd4 15. bxc5 Nxc5 16. Qc2 (16. Nf3 {was called for.}) 16... Nxd3+ 17. Qxd3 dxc4 18. Qxc4 h6 ({Weaker is} 18... Bxg2 19. Rg1 $19) 19. Bxf6 Qxf6 20. e4 Rac8 21. Qb4 a5 22. Qb5 Rc5 23. Qd3 Rc3 24. Qb5 Rc5 (24... Rc2 25. Rd1 $19) 25. Qd3 $1 Rc3 26. Qb5 $1 Ra8 {[#] Hoping for ...Ba6.} ({Not} 26... Rc2 27. Rd1 $19) 27. Rb1 (27. Qf5 $142 Qxf5 28. exf5 Bxg2 29. Rg1 Re8+ 30. Kd1) 27... Ba6 28. Qb2 Rac8 {Black mates.} 29. Rd1 Qf4 30. Nc4 Bxc4 31. Rxd4 Rc1+ 32. Rd1 Qxe4+ {[%mdl 64] Double Attack. Black took control after the opening. Av CentiPawn Loss W=-122/B=-6. Weighted=-123/-5} 0-1

[Event "USA-ch Women 2020"]
[Site "Saint Louis"]
[Date "2020.10.24"]
[Round "10.1"]
[White "Cervantes Landeiro, Thalia"]
[Black "Derakhshani, Dorsa"]
[Result "1/2-1/2"]
[WhiteElo "2311"]
[BlackElo "2270"]
[Annotator "RC"]
[PlyCount "130"]
[EventDate "2020.10.21"]
[EventType "tourn"]
[EventCountry "USA"]
[SourceTitle "playchess.com"]
[Source "ChessBase"]
[SourceQuality "1"]
[TimeControl "1500+5"]

1. d4 {[%emt 0:00:05]} Nf6 {[%emt 0:00:05]} 2. c4 {[%emt 0:00:03]} e6 {[%emt 0:00:02]} 3. Nf3 {[%emt 0:00:02]} b6 {[%emt 0:00:03]} 4. g3 {[%emt 0:00:02]} Bb7 {[%emt 0:00:01]} 5. Bg2 {[%emt 0:00:01]} Be7 {[%emt 0:00:02]} 6. O-O {[%emt 0:00:03]} O-O {[%emt 0:00:03]} 7. Re1 {[%emt 0:00:01]} d5 {[%emt 0:00:17]} 8. Ne5 {[%emt 0:02:18]} Nbd7 {[%emt 0:02:15]} 9. Nc3 {[%emt 0:00:52]} Ne4 {[%emt 0:04:58]} 10. Bf4 {[%emt 0:03:44]} Nxe5 {[%emt 0:04:42]} 11. Bxe5 {[%emt 0:01:16]} Bf6 {[%emt 0:00:31]} 12. Bf4 {[%emt 0:03:56]} Re8 {[%emt 0:03:41]} 13. Nb5 {[%emt 0:03:50]} e5 {[%emt 0:01:09]} 14. dxe5 {[%emt 0:01:31]} Bxe5 {[%emt 0:00:07]} 15. Bxe4 {[%emt 0:02:29]} dxe4 {[%emt 0:03:34]} 16. Bxe5 {[%emt 0:00:15]} Rxe5 {[%emt 0:00:16]} 17. Qxd8+ {[%emt 0:00:06]} Rxd8 {[%emt 0:00:00]} 18. Rad1 {[%emt 0:00:07]} Rf8 {[%emt 0:03:02]} 19. Rd4 {[%emt 0:01:37]} Re7 {[%emt 0:01:10]} 20. Red1 {[%emt 0:01:30]} a6 {[%emt 0:00:09]} 21. Nc3 {[%emt 0:00:06]} f5 {[%emt 0:00:10]} 22. e3 {[%emt 0:00:26]} Kf7 {[%emt 0:00:16]} 23. h4 {[%emt 0:00:09]} g6 {[%emt 0:00:06]} 24. Ne2 {[%emt 0:00:29]} h6 {[%emt 0:00:02]} 25. Kg2 {[%emt 0:01:03]} g5 {[%emt 0:00:06]} 26. Rh1 {[%emt 0:00:03]} Kg6 {[%emt 0:00:07]} 27. hxg5 {[%emt 0:00:16]} hxg5 {[%emt 0:00:00]} 28. Rhd1 {[%emt 0:00:01]} Bc6 {[%emt 0:00:12]} 29. Rd8 {[%emt 0:00:10]} Ree8 {[%emt 0:00:05]} 30. R8d2 {[%emt 0:00:11]} Re7 {[%emt 0:00:02]} 31. Nd4 {[%emt 0:00:04]} Bb7 {[%emt 0:00:06]} 32. Nb3 {[%emt 0:00:06]} f4 {[%emt 0:00:04]} 33. gxf4 {[%emt 0:00:15]} gxf4 {[%emt 0:00:01]} 34. Rd7 {[%emt 0:00:02]} f3+ {[%emt 0:00:07]} 35. Kg3 {[%emt 0:00:03]} Rff7 {[%emt 0:00:04]} 36. Rxe7 {[%emt 0:00:08]} Rxe7 {[%emt 0:00:00]} 37. Nd4 {[%emt 0:00:21]} Rh7 {[%emt 0:00:09]} 38. Rg1 {[%emt 0:00:08]} Kg5 {[%emt 0:00:04]} 39. Ne6+ {[%emt 0:00:10]} Kf5 {[%emt 0:00:04]} 40. Nd4+ {[%emt 0:00:02]} Kg5 {[%emt 0:00:01]} 41. Rd1 {[%emt 0:00:08]} Bc8 {[%emt 0:00:03]} 42. Nxf3+ {[%emt 0:00:14]} exf3 {[%emt 0:00:02]} 43. Rd5+ {[%emt 0:00:01]} Bf5 {[%emt 0:00:12]} 44. Kxf3 {[%emt 0:00:07]} Kf6 {[%emt 0:00:13]} 45. e4 {[%emt 0:00:09]} Be6 {[%emt 0:00:04]} 46. Rd4 {[%emt 0:00:02]} Rd7 {[%emt 0:00:02]} 47. Ke3 {[%emt 0:00:03]} c5 {[%emt 0:00:12]} 48. Rxd7 {[%emt 0:00:03]} Bxd7 {[%emt 0:00:00]} 49. f4 {[%emt 0:00:01]} Be6 {[%emt 0:00:03]} 50. b3 {[%emt 0:00:02]} b5 {[%emt 0:00:01]} 51. cxb5 {[%emt 0:00:13]} axb5 {[%emt 0:00:00]} 52. f5 {[%emt 0:00:05]} Bf7 {[%emt 0:00:17]} 53. Kf4 {[%emt 0:00:01]} Bh5 {[%emt 0:00:02]} 54. e5+ {[%emt 0:00:02]} Ke7 {[%emt 0:00:03]} 55. Ke4 {[%emt 0:00:04]} Be2 {[%emt 0:00:14]} 56. Kd5 {[%emt 0:00:10]} c4 {[%emt 0:00:02]} 57. bxc4 {[%emt 0:00:08]} Bxc4+ {[%emt 0:00:02]} 58. Kc5 {[%emt 0:00:01]} Bxa2 {[%emt 0:00:05]} 59. Kxb5 {[%emt 0:00:01]} Bb1 {[%emt 0:00:00]} 60. f6+ {[%emt 0:00:03]} Ke6 {[%emt 0:00:03]} 61. Kc5 {[%emt 0:00:02]} Bg6 {[%emt 0:00:12]} 62. Kd4 {[%emt 0:00:02]} Bh7 {[%emt 0:00:04]} 63. Kc5 {[%emt 0:00:02]} Bg6 {[%emt 0:00:01]} 64. Kd4 {[%emt 0:00:01]} Bh7 {[%emt 0:00:01]} 65. Kc5 {[%emt 0:00:01]} Bg6 {[%emt 0:00:01]} 1/2-1/2

[Event "USA-ch Women 2020"]
[Site "Saint Louis"]
[Date "2020.10.24"]
[Round "10.2"]
[White "Abrahamyan, Tatev"]
[Black "Wang, Annie"]
[Result "1-0"]
[WhiteElo "2358"]
[BlackElo "2384"]
[Annotator "TA"]
[PlyCount "85"]
[EventDate "2020.10.21"]
[EventType "tourn"]
[EventCountry "USA"]
[SourceTitle "playchess.com"]
[Source "ChessBase"]
[SourceQuality "1"]

{[%evp 16,85,21,23,26,-1,21,-19,-15,-94,-82,-126,-40,-85,63,50,70,59,66,58,62,73,75,83,83,12,14,26,14,0,12,18,38,15,95,13,35,25,97,0,27,0,29,-8,50,45,47,45,58,52,118,85,85,85,85,-350,12845,5831,29987,826,774,389,460,448,985,929,6187,6170,29992,29983,29983,29984]} 1. e4 c5 2. Nf3 d6 3. d4 cxd4 4. Nxd4 Nf6 5. Nc3 Nc6 6. Bc4 e6 7. Be3 Bd7 {7...a6 is a critical line.} 8. Qe2 a6 9. Bb3 b5 {[%cal Bb7b5,Bb5b4][%mdl 32] B89: Sicilian: Velimirovic Attack.} 10. O-O-O Qc7 11. g4 b4 {The position is equal.} 12. Nd5 (12. Na4 $11 {keeps the balance.}) 12... exd5 $17 {[#]} 13. exd5 $146 ({Predecessor:} 13. Nxc6 dxe4 14. Nxb4 Bxg4 15. Nd5 Nxd5 16. Qxg4 Nxe3 17. Qxe4+ Be7 18. Qxa8+ Kd7 19. Ba4+ Ke6 20. Qe4+ {1-0 (20) Guimaraes,W (2218)-Hartikainen,J (2149) chess.com INT 2020}) 13... Ne7 ({Stronger than} 13... Bxg4 14. f3 $16) (13... Nxd4 $17 14. Rxd4 Bb5) 14. g5 Ne4 (14... Nfxd5 $17 {White must now prevent ...Qb7.} 15. Qf3 Qb7) 15. Nc6 $1 $14 Nxc6 16. dxc6 Be6 {Hoping for ...Be7.} ({Not} 16... Qxc6 $2 17. Bd5 $18) 17. f3 Be7 18. Bxe6 fxe6 19. fxe4 Qxc6 20. Qh5+ (20. Qg4 $1 $16) 20... Kd7 $11 21. Rd4 Rhc8 {[%csl Gc8][%cal Rc6c2]} 22. Qe2 Rab8 23. Kb1 Rb5 24. Rhd1 Rc7 (24... Rc5 $11) 25. Qd2 ({White should play} 25. h4 $16) 25... Kc8 26. Qg2 Kb7 {[#]} (26... a5 $11) 27. R4d2 (27. b3 $1 $16) 27... a5 28. Bf4 {[%cal Rf4d6]} Rd7 29. Qg3 {[%cal Rf4d6]} e5 ({Black should try} 29... Qxe4 $11 30. Re1 Qc6) 30. Bxe5 $1 $14 {[%mdl 64] Double Attack, Pin} Qxe4 31. Bf4 ({Much worse is} 31. Bxd6 Rxg5 32. Qf4 Qxf4 $17) 31... Qc6 32. Rd4 Rc5 ({Better is} 32... d5 $14) 33. Qd3 Bxg5 34. Bxd6 Rb5 35. Rc4 $2 {[%mdl 8192] [#]} (35. b3 $16) 35... Qb6 $4 {[%mdl 8192]} (35... Rxd6 $1 $19 {[%mdl 512]} 36. Qxd6 Qxc4 37. Qd7+ Ka6) 36. Qe4+ $18 Ka7 37. Rc6 (37. Rc8 $142 Ka6 38. Ra8+ Qa7 39. Qc6+ Rb6 40. Qc4+ Rb5 41. Qc8+ Kb6 42. Rxa7) 37... Qb7 38. Qc4 Bd8 {Now ...Rb6 and Black clings on.} 39. Bc5+ Ka8 (39... Rb6 $142 40. Rxd7 Qxd7) 40. Rxd7 Qxd7 {[#]} 41. Rd6 $1 {[%mdl 512]} Qe7 42. Qd5+ Kb8 43. Rxd8+ {[%mdl 64] Discovered Attack. Av CentiPawn Loss W=-104/B=-154. Weighted=-101/-148} 1-0

[Event "USA-ch Women 2020"]
[Site "Saint Louis"]
[Date "2020.10.24"]
[Round "10.3"]
[White "Foisor, Sabina-Francesca"]
[Black "Krush, Irina"]
[Result "0-1"]
[WhiteElo "2228"]
[BlackElo "2429"]
[Annotator "TA"]
[PlyCount "98"]
[EventDate "2020.10.21"]
[EventType "tourn"]
[EventCountry "USA"]
[SourceTitle "playchess.com"]
[Source "ChessBase"]
[SourceQuality "1"]

{[%evp 14,98,29,16,24,19,23,8,8,11,-9,-52,-57,-51,-57,-45,52,-87,-87,-83,-89,-87,-78,-183,-181,-191,-189,-186,-193,-340,-333,-325,-163,-375,-359,-351,-351,-381,-227,-425,-390,-509,-513,-505,-496,-450,-442,-568,-420,-408,-325,-539,-510,-486,-467,-918,-764,-775,-765,-762,-752,-870,-868,-867,-664,-846,-794,-968,-952,-1407,-1195,-3486,-3486,-5529,-4921,-29984,-29972,-29980,-29981,-29977,-5301,-29978,-29979,-29979,-29980,-29979,-29980]} 1. d4 Nf6 2. Nf3 g6 3. Bg5 Bg7 4. Nbd2 d6 5. e4 h6 6. Bh4 g5 7. Bg3 Nh5 8. c3 c5 {A48: 1 d4 Nf6 2 Nf3 g6: Torre, London and Colle Systems.} 9. dxc5 Nxg3 10. hxg3 dxc5 {The position is equal.} 11. Bc4 Nc6 12. Nxg5 hxg5 13. Rxh8+ Bxh8 14. Qh5 {[%mdl 64] Threatens to win with Rd1. Double Attack} Bf6 {[#]} (14... Kd7 $15) 15. Qxf7+ $146 (15. O-O-O $1 $14 {stays ahead.} e6 16. f4) ({Predecessor:} 15. f4 e6 16. e5 Nxe5 17. fxe5 Bxe5 18. Ne4 Bd7 19. O-O-O Qe7 20. Nxg5 Bxg3 21. Nxe6 Qf6 22. Rxd7 Kxd7 23. Qd5+ {1-0 (23) Popescu,T-Mende,E Romania 1989}) 15... Kd7 $17 {Black keeps a firm grip on the game.} 16. O-O-O Kc7 17. Nb3 Ne5 18. Qh5 (18. Rxd8 $17 {was the only defense.} Nxf7 19. Rxc8+ Rxc8 20. Bxf7) 18... Qh8 $19 19. Qe2 b6 20. Bd5 {[#]} Rb8 $1 21. Kb1 (21. Nd2 {was called for.}) 21... e6 22. Bc4 Qe8 (22... Qh2 $142 23. Qf1 Bd7) 23. f4 $2 (23. Bb5 Bd7 24. Bxd7 Nxd7 25. Qa6) 23... Nxc4 24. Qxc4 Bb7 25. e5 {Hoping for Nd4.} Rd8 (25... Bd5 $142 26. Qd3 Be7) 26. Rxd8 $2 (26. Nd4 {is the only way for White.} Bd5 27. Nb5+ Kb8 28. Qa4 Be4+ 29. Ka1 Rxd1+ 30. Qxd1) 26... Bxd8 27. Nd4 Bd5 28. Nb5+ Kb8 29. Qa4 Qd7 30. c4 Be4+ 31. Kc1 Bxg2 {aiming for ...gxf4.} 32. Qa3 $2 (32. Qd1 Qxd1+ 33. Kxd1) 32... gxf4 33. gxf4 Bc6 34. Nc3 (34. Qb3 $142) 34... Qd3 35. Qb3 Qe3+ 36. Kb1 Qxf4 37. Qd1 Bc7 38. Qe2 Qxe5 39. Qd2 Kb7 40. a3 {[#]} Qd4 $1 41. Qe2 e5 42. Kc2 e4 43. a4 e3 44. b3 Bf4 45. Qd3 Qxd3+ 46. Kxd3 Bh6 (46... Bf3 $142 47. Ne2 Bxe2+ 48. Kxe2 Kc6 49. Kd3 Kd6 50. b4 cxb4 51. a5 bxa5 52. Ke2 b3 53. c5+ Kxc5 54. Kf3 b2 55. Kxf4 e2 56. Kg5 e1=Q 57. Kg6 b1=Q+ 58. Kg5 Qg3+ 59. Kf6 Qh7 60. Ke6 Qd6#) 47. Nd1 Bf3 {Black mates.} 48. Nxe3 Bxe3 49. Kxe3 Bd1 {Av CentiPawn Loss W=-169/B=-71. Weighted=-199/-66} 0-1

[Event "USA-ch Women 2020"]
[Site "Saint Louis"]
[Date "2020.10.24"]
[Round "10.4"]
[White "Nguyen, Emily"]
[Black "Samadashvili, Martha"]
[Result "0-1"]
[WhiteElo "2280"]
[BlackElo "2215"]
[Annotator "TA"]
[PlyCount "52"]
[EventDate "2020.10.21"]
[EventType "tourn"]
[EventCountry "USA"]
[SourceTitle "playchess.com"]
[Source "ChessBase"]
[SourceQuality "1"]

{[%evp 19,52,12,38,16,16,0,11,0,0,3,11,9,24,4,20,-16,0,-80,-25,-27,-22,-33,-22,-474,-467,-810,201,-810,-800,-858,-853,-822,-831,-1088,-1056]} 1. d4 Nf6 2. c4 e6 3. Nf3 d5 4. Nc3 Bb4 5. Bg5 h6 6. Bxf6 Qxf6 7. e3 O-O 8. Rc1 dxc4 9. Bxc4 c5 10. dxc5 Bxc5 11. Qc2 {is now more promising than 11.0-0. D38: Queen's Gambit Declined: Ragozin Defence (4 Nf3 Bb4).} Bd7 12. a3 Bb6 13. Ba2 {The position is equal.} Bc6 14. Bb1 {[%csl Gb1][%cal Rc2h7]} g6 {[#]} 15. Qe2 $146 ({Predecessor:} 15. h4 Bxf3 16. gxf3 Qxf3 17. Rg1 Qh5 18. Ne2 Nc6 19. Nf4 Qf5 20. Qd1 Qa5+ 21. b4 Qxa3 22. Bxg6 fxg6 23. Rxg6+ {1-0 (31) Troff,K (2541)-Guo,Q (2439) Caleta 2015}) 15... Nd7 {[%cal Bb8d7,Bd7e5,Be5f3][%mdl 32]} 16. O-O Ne5 {[%cal Re5f3]} 17. Nd2 Qh4 18. Nce4 (18. Be4 $1 $11 {keeps the balance.}) 18... f5 (18... Rad8 $17 {Threatens to win with ...f5.} 19. f3 a6) 19. Nc5 $1 $11 Qe7 ({But not} 19... Ng4 20. h3 $14) 20. b4 Rad8 $40 {[%mdl 128] aiming for ...Rxd2! Black has some attack.} 21. Ndb3 $2 {[%mdl 8192] [#]} (21. f4 $11 {and White stays safe.} Nd7 22. Nd3) 21... Nf3+ $1 $19 {[%mdl 512]} 22. gxf3 (22. Qxf3 $142 Bxf3 23. gxf3) 22... Qg5+ 23. Kh1 {[#]} Qh5 $1 {[%mdl 512] ( -> ...Bc7). Black is clearly winning.} 24. Ne4 Bc7 {[%csl Gc7][%cal Rh5h2]} 25. Ng3 Bxf3+ {[%mdl 64] Double Attack} 26. Kg1 Bxg3 $1 {Av CentiPawn Loss W=-142/B=-11. Weighted=-84/-10} (26... Bxe2 $2 27. Nxh5 Bxf1 28. Kxf1 $19) 0-1

[Event "USA-ch Women 2020"]
[Site "Saint Louis"]
[Date "2020.10.24"]
[Round "10.5"]
[White "Eswaran, Ashritha"]
[Black "Yu, Jennifer"]
[Result "0-1"]
[WhiteElo "2244"]
[BlackElo "2315"]
[Annotator "TA"]
[PlyCount "170"]
[EventDate "2020.10.21"]
[EventType "tourn"]
[EventCountry "USA"]
[SourceTitle "playchess.com"]
[Source "ChessBase"]
[SourceQuality "1"]

{[%evp 16,170,-4,-12,0,-10,11,19,14,0,10,0,0,-27,-24,-29,-24,-29,0,-6,0,-50,0,0,0,0,0,0,20,0,0,0,0,0,0,0,4,0,0,0,0,0,7,7,7,7,32,21,27,24,40,0,0,0,0,-25,-16,-12,-7,-22,-7,-7,0,0,0,5,24,-7,-7,-7,6,-7,0,-28,0,-10,0,-66,0,-81,0,-27,-31,-56,-56,-525,-513,-702,-662,-765,-668,-747,-724,-693,-401,-392,-358,-301,-307,-333,-306,-514,-473,-529,-514,-530,-537,-522,-500,-500,-463,-500,-493,-515,-514,-500,-500,-500,0,0,0,-24,-22,-22,0,-462,-383,-599,-608,-612,-606,-610,-589,-560,-553,-714,-714,-29973,-29974,-29971,-1141,-29971,-812,-29987,-29979,-29982,-29980,-29980,-29980,-29980,-29981,-29981,-29982,-29984,-29985,-29985,-29986]} 1. e4 e5 2. Nf3 Nc6 3. Bb5 a6 4. Bxc6 dxc6 5. Nc3 Bd6 6. d4 exd4 7. Qxd4 f6 8. Be3 Ne7 9. O-O-O Ng6 {C68: Ruy Lopez: Exchange Variation, sidelines.} 10. h4 Qe7 11. h5 Ne5 {The position is equal.} 12. Nxe5 {[#]} fxe5 $146 ({Predecessor:} 12... Bxe5 13. Qd3 Bd7 14. Na4 O-O-O 15. Nc5 Be6 16. Qe2 Bd6 17. Nb3 Bxb3 18. axb3 Qxe4 {½-½ (56) Gavriil,O (2079)-Stoimenidis,D (1529) Thessaloniki/Halkidiki 2019}) 13. Qd3 Be6 14. h6 O-O-O 15. Qe2 Bb4 {And now ...Bxc3 would win.} 16. Nb1 g6 17. a3 Bd6 18. Qf3 Rhf8 19. Qg3 Rd7 20. f3 Kb8 21. Rd2 Bg8 22. Bg5 Qe6 23. Qh3 Qxh3 24. Rxh3 Be6 25. Rh1 b6 26. Rhd1 Kb7 27. b3 Rdf7 28. Kb2 Be7 29. Bxe7 Rxe7 30. Rd8 Rf6 31. Nd2 g5 32. Rh1 c5 33. c4 g4 34. Rh5 Bc8 35. Rh8 Rd6 36. Kc2 Red7 37. Nb1 gxf3 38. gxf3 Rf7 39. Nd2 ({Of course not} 39. Rxe5 Rxf3 40. Rxh7 Rf2+ 41. Kc1 Rf1+ 42. Kc2 Rf2+ 43. Kc1 Rf1+ 44. Kc2 Rf2+ $15) 39... Rfd7 40. Rh2 Re7 41. Nb1 Rf6 42. Nd2 Bd7 43. Rh5 Be8 44. Rh3 Bg6 45. Rg3 Rd7 46. Rg8 (46. Rg5 $11) 46... Rfd6 (46... Bf7 $1 $15 47. R8g5 Rxh6) 47. Nb1 (47. Rg2 $11) 47... Rf7 (47... Bf7 $1 $17 {[%cal Rf7g8]} 48. R8g7 Rxh6) 48. Nc3 Rdf6 $36 {[%mdl 2048] Black is more active.} 49. Rg7 {Black must now prevent R3xg6!} Rxf3 50. R3xg6 $4 {[%mdl 8192]} (50. Rxf3 $15 Rxf3 51. Re7) 50... hxg6 $15 {[%mdl 4096] Endgame KRR-KRN} 51. h7 Rf2+ 52. Kc1 Rf1+ $1 53. Kd2 R7f2+ 54. Ke3 Rh2 55. Nd5 Rfh1 56. Rxc7+ Kb8 57. Rc6 Rxh7 58. Rxb6+ $2 (58. Kf3 {only move.}) 58... Ka7 $19 59. Rxg6 R7h3+ 60. Kd2 R1h2+ 61. Kc1 Rxb3 62. Rg7+ Kb8 63. Rg8+ Kb7 64. Rg7+ Kc8 65. Rg8+ Kd7 $1 66. Rg7+ Kc8 $2 ({Black should try} 66... Ke6 $1 $19 67. Rg6+ Kf7 $1 {[%mdl 512]} 68. Rf6+ Kg7) 67. Rg8+ $11 Kb7 68. Rg7+ Ka8 69. Rg8+ $1 Ka7 $2 {[%mdl 8192]} (69... Rb8 $11 70. Nc7+ Kb7 $1 {[%mdl 512]} 71. Rxb8+ Kxb8 72. Nxa6+ Kb7 73. Nxc5+ Kc6) 70. Rg7+ $19 {Black continues to play with concentration.} Rb7 $1 {[%cal Rb7g7]} 71. Rg5 (71. Rxb7+ $142 Kxb7 72. Nc3) 71... Rf7 {[%cal Rf7f1]} 72. Rg1 Ra2 {( -> ...Ra1+)} 73. Kb1 Rxa3 74. Rg5 Rb7+ 75. Kc2 Ra2+ 76. Kc3 Rab2 {[%csl Gb2][%cal Rb7b3]} 77. Kd3 R7b3+ 78. Nc3 Ra2 (78... Rh2 $142 79. Rxe5 Rh3+ 80. Kc2 Rbxc3+ 81. Kb1 Rh1+ 82. Kb2 {[#]} Re3 $1 {[%mdl 512]} 83. Rd5 Rh2+ 84. Kc1 Rxe4 85. Rd7+ Kb6 86. Rd6+ Kc7 $1 {[%mdl 512]} 87. Rd3 Rg4 88. Rd5 Rxc4+ 89. Kb1 a5 90. Rd3 Rd4 91. Rc3 Rd1+ 92. Rc1 Rxc1+ 93. Kxc1 a4 94. Kb1 a3 95. Ka1 c4 96. Kb1 c3 97. Ka1 c2 98. Ka2 c1=Q+ 99. Kb3 Rh4 100. Ka2 Qb2#) 79. Rg3 Kb6 {Black mates.} 80. Rg1 Ka5 81. Rb1 Rxb1 82. Nxa2 Rb3+ 83. Kc2 Ra3 84. Kb2 Rxa2+ 85. Kxa2 Kb4 {Av CentiPawn Loss W=-74/B=-28. Weighted=-69/-25} 0-1